Seleções Campeãs de Futebol nos Jogos Olímpicos - Masculino - Statistics

Estatísticas Gerais
  • Esse quiz foi jogado 344 vezes
  • A pontuação média é 19 de 26
Estatísticas das Respostas
Edição Seleção % Correto
Rio de Janeiro, 2016 Brasil
100%
Beijing, 2008 Argentina
97%
Atenas, 2004 Argentina
97%
Barcelona, 1992 Espanha
95%
Londres, 2012 México
92%
Los Angeles, 1984 França
91%
Berlim, 1936 Itália
89%
Estocolmo, 1912 Reino Unido
88%
Londres, 1908 Reino Unido
88%
Paris, 1900 Reino Unido
88%
Seul, 1988 União Soviética
88%
Melbourne, 1956 União Soviética
88%
Amsterdã, 1928 Uruguai
84%
Paris, 1924 Uruguai
84%
Antuérpia,1920 Bélgica
66%
Atlanta, 1996 Nigéria
65%
Londres, 1948 Suécia
65%
St. Louis, 1904 Canadá
64%
Cidade do México, 1968 Hungria
61%
Tóquio, 1964 Hungria
61%
Helsinque, 1952 Hungria
61%
Sydney, 2000 Camarões
58%
Moscou, 1980 Tchecoslováquia
49%
Munique, 1972 Polônia
48%
Roma, 1960 Iugoslávia
47%
Montreal, 1976 Alemanha Oriental
32%
Nenhum quiz correspondente encontrado
Distribuição das Pontuações
Porcentagem de Pessoas com Cada Pontuação
Percentil de Números Respondidos
Sua Pontuação Histórica
Você não jogou esse quiz